LIBRARY & INFORMATION CENTRE, KCAET, TAVANUR

ONLINE PUBLIC ACCESS CATALOGUE (OPAC)

Design, development and evaluation of an automated drip irrigation system (Record no. 15109)

MARC details
000 -LEADER
fixed length control field 00875nam a22001817a 4500
003 - CONTROL NUMBER IDENTIFIER
control field OSt
088 ## - REPORT NUMBER
Report number T 290
100 ## - MAIN ENTRY--AUTHOR NAME
Personal name NAVNEET SHARMA
245 ## - TITLE STATEMENT
Title Design, development and evaluation of an automated drip irrigation system
260 ## - PUBLICATION, DISTRIBUTION, ETC. (IMPRINT)
Place of publication Tavanur 2014
Name of publisher DEPARTMENT OF LAND &WATER RESOURCES AND CONSERVATION ENGINEERING
300 ## - PHYSICAL DESCRIPTION
Number of Pages 119
500 ## - GENERAL NOTE
General note Design, development and evaluation of an automated drip irrigation system
520 ## - SUMMARY, ETC.
Summary, etc the system was installed in the field for a season under the crop amaranthus and it was observed that the system is working properly and the motor gets switched '' on'' and ' off '' automatically with respect to pre-set value of moisture content.
700 ## - ADDED ENTRY--PERSONAL NAME
Personal name Dr. Abdul Hakkim V. M (Guide)
856 ## - ELECTRONIC LOCATION AND ACCESS
Uniform Resource Identifier https://drive.google.com/open?id=1Z4dhBSvTdzUTMvYIUmzXNj00SVuGLG4r
942 ## - ADDED ENTRY ELEMENTS (KOHA)
Koha item type Theses
Holdings
Collection code Home library Current library Shelving location Full call number Accession Number Koha item type Public note
Reference KAUAET KAUAET Reference 631.75807 NAV/DE T 290 Theses M.Tech Thesis
free website counter